| 000 | 00880nam a22002537a 4500 | ||
|---|---|---|---|
| 005 | 20240530110341.0 | ||
| 008 | 141020s2012 ar gr 000 0 ara d | ||
| 017 | _a16024/2011 | ||
| 020 | _a9789773288892 | ||
| 040 | _aEG-CaGPL | ||
| 082 | 0 | 4 |
_221 _a342.0858\ _bو ض |
| 100 | 0 | _aوليد السيد سليم | |
| 245 | 1 | 0 |
_aضمانات الخصوصيه فى الانترنت / _cوليد السيد سليم |
| 250 | _aط1 | ||
| 260 |
_aالاسكندرية : _bدار الجامعة الجديدة ، _c2012 |
||
| 300 |
_a790 ص ؛ _c24 سم |
||
| 650 | 0 | 4 | _aالانترنت |
| 650 | 0 | 4 |
_aالانترنت _xقوانين وتشريعات |
| 650 | 0 | 4 |
_aالانترنت _xالخصوصيه |
| 650 | 0 | 4 | _aحماية المستهلك |
| 650 | 0 | 4 |
_aثورة 25 يناير _xقطع الاتصالات |
| 942 |
_2ddc _cBK |
||
| 999 |
_c59883 _d59883 |
||